000 00703cab a2200217 4500
001 WB3521-15
008 090401t1999 xxu||||| |||| 00| 0 eng d
035 _a(Sirsi) u93692
041 _aeng
245 _aGM wild species crisis
260 _c1999
350 _a0
490 _aDaily Telegraph
_v1 June 1999, 11(1)
520 _aGovernment advisers have warned that genetically modified versions of native grasses, fish and trees could cause an ecological disaster if released into the wild.
650 _aGENETICALLY MODIFIED ORGANISMS
650 _aGENETICALLY MODIFIED GRASSES
650 _aWILDLIFE
690 _aENVIRONMENTAL AND LAND CONSULTANCY
942 _n0
948 _c02/06/1999
999 _c59386
_d59386